| 000 | 01117nam a2200301 i 4500 | ||
|---|---|---|---|
| 005 | 20210818182335.0 | ||
| 008 | 160208s2015 sp a br 000 j spa d | ||
| 020 | _a9788484649427 | ||
| 040 |
_aCOMFC _bspa _erda |
||
| 041 | 1 |
_aspa _heng |
|
| 100 | 1 |
_aMinarik, Else Holmelund, _d1920- _eaut |
|
| 245 | 1 | 0 |
_aPapá oso vuelve a casa / _cElse Holmelund Minarik ; ilustraciones de Maurice Sendak ; de la traducción María Puncel. |
| 250 | _aPrimera edición | ||
| 264 | 0 | 1 |
_aPontevedra : _bKalandraka, _c2015. |
| 300 |
_a62 páginas : _bilustraciones ; _c24 cm. |
||
| 336 |
_2rdacontent _atxt |
||
| 337 |
_2rdamedia _an |
||
| 338 |
_2rdacarrier _anc |
||
| 490 |
_955396 _aColección libros para soñar |
||
| 534 |
_pTítulo original : _tFather bear comes home. |
||
| 700 | 1 |
_aSendak, Maurice, _d1928-, _eill |
|
| 700 | 1 |
_aPuncel, María _d1927-, _etrl _954713 |
|
| 082 | 0 | 4 |
_a813.5 _bM663p |
| 650 | 4 | _aCuentos infantiles estadounidenses. | |
| 650 | 4 |
_aOsos _v Cuentos infantiles. |
|
| 650 | 0 |
_aLibros Ilustrados Para Niños _921021 |
|
| 942 |
_2ddc _h813.5 M663p _k813.5 _mM663p |
||
| 999 |
_c15699 _d15699 |
||